Environmental information regulations (Record no. 70764)

MARC details
000 -LEADER
fixed length control field 01116cam a2200205 4500
001 - CONTROL NUMBER
control field WB3826-11
008 - FIXED-LENGTH DATA ELEMENTS--GENERAL INFORMATION
fixed length control field 020717n2002 000 0 eng u
035 ## - SYSTEM CONTROL NUMBER
System control number (Sirsi) u118888
245 ## - TITLE STATEMENT
Title Environmental information regulations
260 ## - PUBLICATION, DISTRIBUTION, ETC.
Date of publication, distribution, etc. 2002
490 ## - SERIES STATEMENT
Series statement DEFRA News Release
Volume/sequential designation (280/02) 15 July 2002, (2)
520 ## - SUMMARY, ETC.
Summary, etc. The Department for Environment, Food and Rural Affairs (DEFRA) has launched a public consultation on the new Environmental Information Regulations which are due to come in force this winter. The purpose of the new regulations is to improve public access to environmental information in line with the government's commitment to freedom of information. The consultation finishes on 4 October 2002. For consultation package http://www.defra.gov.uk/environment/consult/envinfo/index.htm http://www.defra.gov.uk/news/2002/020715b.htm
590 ## - LOCAL NOTE (RLIN)
Local note WB
650 ## - SUBJECT ADDED ENTRY--TOPICAL TERM
Topical term or geographic name entry element ENVIRONMENTAL INFORMATION REGULATIONS 1992
650 ## - SUBJECT ADDED ENTRY--TOPICAL TERM
Topical term or geographic name entry element FREEDOM OF INFORMATION ACT 2000
650 ## - SUBJECT ADDED ENTRY--TOPICAL TERM
Topical term or geographic name entry element AARHUS CONVENTION
650 ## - SUBJECT ADDED ENTRY--TOPICAL TERM
Topical term or geographic name entry element SUSTAINABLE DEVELOPMENT
690 ## - LOCAL SUBJECT ADDED ENTRY--TOPICAL TERM (OCLC, RLIN)
Topical term or geographic name as entry element ENVIRONMENTAL AND LAND CONSULTANCY
942 ## - ADDED ENTRY ELEMENTS (KOHA)
Suppress in OPAC 0
Holdings
Withdrawn status Lost status Source of classification or shelving scheme Damaged status Not for loan Home library Current library Shelving location Date acquired Total Checkouts Full call number Barcode Date last seen Copy number Price effective from Koha item type
    Dewey Decimal Classification     London London News article 17/07/2002   WB3826-11 118888-1001 06/08/2019 1 06/08/2019 News article